00842nam a2200229Ia 4500008004100000020001800041041000800059082001600067100001000083245003400093250001200127260003900139300000900178440001000187500000700197650003500204700004000239906000800279999001700287952015400304952015400458230125s9999 xx 000 0 und d a81-7881-100-6 aeng a004.69bICF aICFAI aIT - Enabled services Vol - 1 a1st Ed. c2003bICFAI publicationaHyderabad a168p aICFAI aIT aInformation Technology9106901 aICFAI & Mantravadi P M, Ed.9110635 b112 c87500d87500 00104070aHIMRbHIMRd2006-12-05eICFAI pressg750.00i118l0o004.69 ICF B05647pHIMR-BK-5647r2023-01-25 00:00:00v638.00w2006-12-04yBKzB05647 00104070aHIMRbHIMRd2006-12-05eICFAI pressg750.00i118l0o004.69 ICF B05646pHIMR-BK-5646r2023-01-25 00:00:00v638.00w2006-12-04yBKzB05646